000 00538nam a22001937a 4500
005 20251108164731.0
008 250721s1986 xx 000 0 ara d
082 1 4 _a808.023/شوق
100 1 _aضيف، شوقي
245 1 0 _aالبحث الأدبي /
250 _aط7.
264 1 _aالقاهرة :
_bدار المعارف،
_c1986.
300 _a278ص.
490 0 _aمكتبة الدراسات الأدبية ؛ 64
650 1 7 _aالأدب
650 1 7 _aالأبحاث الأدبية
942 _2ddc
_cBK
999 _c13027
_d13027